Central Library OPAC University of Rajshahi

Teach yourself Arabic / (Record no. 7133)

MARC details
000 -LEADER
fixed length control field 00798cam a22002651 4500
001 - CONTROL NUMBER
control field 7133
003 - CONTROL NUMBER IDENTIFIER
rucl marc code BD-RjUL
005 - DATE AND TIME OF LATEST TRANSACTION
control field 20211208234353.0
008 - FIXED-LENGTH DATA ELEMENTS--GENERAL INFORMATION
fixed length control field 140113r19561943enk 001 0 eng d
035 ## - SYSTEM CONTROL NUMBER
System control number (BD-RjUL)7175
System control number (OCoLC)2866214
040 ## - CATALOGING SOURCE
Original cataloging agency DLC
Transcribing agency ODa
Modifying agency OCoLC
-- DGW
-- DLC
Language of cataloging eng
041 0# - LANGUAGE CODE
Language code of text/sound track or separate title engara
082 ## - DEWEY DECIMAL CLASSIFICATION NUMBER
Classification number 492.78242
Author mark and year TRT 1956
100 1# - MAIN ENTRY--PERSONAL NAME
Personal name Tritton, A. S.
Fuller form of name (Arthur Stanley),
Dates associated with a name 1881-1973.
9 (RLIN) 22320
245 10 - TITLE STATEMENT
Title Teach yourself Arabic /
Statement of responsibility, etc. A.S. Tritton.
260 ## - PUBLICATION, DISTRIBUTION, ETC. (IMPRINT)
Place of publication, distribution, etc. London :
Name of publisher, distributor, etc. English Universities Press,
Date of publication, distribution, etc. 1943
300 ## - PHYSICAL DESCRIPTION
Pagination 296 p. ;
Size 18 cm.
490 0# - SERIES STATEMENT
Series statement Teach yourself series
504 ## - BIBLIOGRAPHY, ETC. NOTE
Bibliography, etc Includes index
650 #0 - SUBJECT ADDED ENTRY--TOPICAL TERM
Topical term or geographic name as entry element Arabic language
General subdivision Grammar.
9 (RLIN) 22321
Topical term or geographic name as entry element Arabic language
General subdivision Composition and exercises.
9 (RLIN) 22322
942 ## - ADDED ENTRY ELEMENTS (KOHA)
Source of classification or shelving scheme Dewey Decimal Classification
Koha item type Books
Holdings
Lost status Source of classification or shelving scheme Damaged status Not for loan Collection code Permanent Location Current Location Shelving location Date acquired Source of acquisition Total Checkouts Full call number Date last seen Copy number Koha item type Cost, normal purchase price
  Dewey Decimal Classification   Not For Loan Non-fiction Central Library, University of Rajshahi Central Library, University of Rajshahi   29/10/1990 Sweets Orman Dhaka   492.78242 TRT 1956 13/01/2014 C-1 Books  
  Dewey Decimal Classification     Non-fiction Central Library, University of Rajshahi Central Library, University of Rajshahi   09/01/1969 Zeitlinger   492.78242 TRT 1954 30/08/2016 C-2 Books 10.06